000 00336nam a22001337a 4500
008 170714b xxu||||| |||| 00| 0 eng d
020 _a0130846902
041 _aeng
080 _a030
100 _a24
101 _aFJA
245 _aBIOGRAPHICAL DICTIONARY OF FRENCH POLITICAL LEADERS SINCE 1870
_cBELL.D
942 _2udc
_cBK
999 _c20929
_d20929